01020nam a2200265Ia 450000500170000000800410001702000150005808200190007310000190009224501090011125000190022030000500023949000290028961000410031865000550035970000290041494200120044326400300045533600270048533700330051233800280054504000350057399900150060895201310062320220317001221.0160825s2002 sp a g 000 0 spa  a844931265504a940.5308bB68s1 aBourke, Joanna13aLa Segunda Guerra mundialbuna historia de las víctimascJoanna Bourke ; traducción Víctor Pozanco a1a. edición  a223 páginas bilustraciones, mapas c24 cm  aHistoria contemporánea2 aGuerra Mundial II y1939-1945967748 2LEMBaGuerra Mundial IIxConsecuencias y1939-19451 aPozanco, Víctor912761 2ddccBK aBarcelonabPaidósc2002 atextobtxt2rdacontent asin mediaciónbn2rdamedia avolumenbnc2rdacarrier aCO-BoRNBPbspaerdacCO-BoRNBP c6276d6276 00102ddc40708GENaMECUMARAbMECUMARAcLITd2024-07-31l0o940.53O8B68spCUM1396r2024-07-31 10:44:10tEj.1w2024-07-31yBK